Informačný portál trhu s energiou
Možnosti spojenia výskumných kapacít Fakulty hospodárskej informatiky EU v Bratislave prostredníctvom návrhu a realizácie informačného portálu možných služieb poskytovaných v oblasti obchodu s energiou a využívaním obnoviteľných zdrojov energie. Daný portál by mal poskytovať základnú štruktúru zapoj...
Salvato in:
| Autore principale: | |
|---|---|
| Natura: | Capitolo di libro |
| Lingua: | slovacco |
| Soggetti: | |
| Tags: |
Nessun Tag, puoi essere il primo ad aggiungerne!!
|
MARC
| LEADER | 00000nla$a2200000$$$4500 | ||
|---|---|---|---|
| 001 | 0145612 | ||
| 005 | 20240502072626.9 | ||
| 041 | 0 | |a slo | |
| 044 | |a SK | ||
| 245 | 1 | 0 | |a Informačný portál trhu s energiou |c Jaroslav Kultan |
| 520 | |a Možnosti spojenia výskumných kapacít Fakulty hospodárskej informatiky EU v Bratislave prostredníctvom návrhu a realizácie informačného portálu možných služieb poskytovaných v oblasti obchodu s energiou a využívaním obnoviteľných zdrojov energie. Daný portál by mal poskytovať základnú štruktúru zapojenia elektrizačného systému, základné režimy danej siete, údaje o stave siete a jednotlivých výkonoch v priebehu dňa, týždňa, mesiaca. Daný projekt by mal obsahovať návrh bázy dát, ich štruktúru. Úvod k návrhu a realizácie informačného systému, v ktorom by bolo možné zapojiť všetky katedry FHI EU v Bratislave. | ||
| 610 | 2 | 0 | |a informatika |
| 610 | 2 | 0 | |a technológie informačné |
| 610 | 2 | 0 | |a technológie komunikačné |
| 610 | 2 | 0 | |a internet |
| 610 | 2 | 0 | |a stránky webové |
| 610 | 2 | 0 | |a energetika |
| 100 | 1 | |a Kultan, Jaroslav, 1960- | |